LEADER 01118nam0-22003371i-450 001 990006836500403321 005 20180731113244.0 035 $a000683650 035 $aFED01000683650 035 $a(Aleph)000683650FED01 035 $a000683650 100 $a20010426d1995----km-y0itay50------ba 101 0 $aita 105 $ay-------001yy 200 1 $a<>Ruolo del giudice internazionale nell'evoluzione del diritto internazionale e comunitario$eatti del convegno di studi in memoria di Gaetano Morelli. Crotone, 22- 23 ottobre 1993$fa cura di Francesco Salerno 210 $aPadova$cCedam$d1995. 215 $aXII, 292 p.$d24 cm 676 $a341.55 702 1$aMorelli,$bGaetano$f<1900-1989> 702 1$aSalerno,$bFrancesco 801 0$aIT$bUNINA$gRICA$2UNIMARC 901 $aBK 912 $a990006836500403321 952 $aIII T 262$b29031$fFSPBC 952 $aDI 5/f-20$b17002$fDEC 952 $aDI V-20$fDEC 959 $aFSPBC 959 $aDEC 959 $aDEC 996 $aRuolo del giudice internazionale nell'evoluzione del diritto internazionale e comunitario$9626201 997 $aUNINA